| 000 | 00890nam a22002177a 4500 | ||
|---|---|---|---|
| 005 | 20130117141828.0 | ||
| 010 | _aENG-106616 | ||
| 020 |
_a9788124117309 _c595.00 |
||
| 035 | _aEN-90149 | ||
| 037 | _bDBAD/PUB | ||
| 100 |
_aKaur, Sarabjit _954982 |
||
| 245 |
_aEconomic inequalities and political conflict : _cby Sarabjit Kaur _ba study with reference to Pakistan and Nigeria / |
||
| 260 |
_aNew Delhi _bHar-Anand _c2013 |
||
| 270 |
_aE-49/3, Okhla Industrial Area, Phase-II, _bNew Delhi _e110020 |
||
| 300 |
_a228p. _c22cm(Hb) |
||
| 500 | _aIncludes bibliographical references and index | ||
| 700 | _954863 | ||
| 942 |
_2ddc _cEN _mKAU _h305 |
||
| 999 |
_c73117 _d73117 |
||